000 00179nam a2200085 4500
001 1237838
005 20251003125130.0
245 _aİNSAN NE İLE YAŞAR
_cTOLSTOY
260 _bANONİM
999 _c1237838
_d1237838